| 000 | 01724cam a22002771ia4500 | ||
|---|---|---|---|
| 003 | SA-RiAUC | ||
| 005 | 20240907142227.0 | ||
| 008 | 240906s2014____sy g 000 0bara c | ||
| 040 |
_aSA-RiIMS _bara _cSA-RiAUC _erda |
||
| 082 | 0 | 4 |
_a239 _bس ب ط |
| 100 | 1 |
_aسبط ابن العجمي، إبراهيم بن محمد بن خليل، _d753-841 هجري _eمؤلف. |
|
| 245 | 1 | 0 |
_aنور النبراس على سيرة ابن سيد الناس / _cتأليف سبط بن العجمي أبي الوفاء برهان الدين إبراهيم بن محمد بن خليل الطرابلسي الحلبي الشافعي ؛ تحقيق ودراسة لجنة مختصة من المحققين بإشراف نور الدين طالب. |
| 250 | _aالطبعة الأولى. | ||
| 264 | 1 |
_aدمشق : _bدار النوادر، _c2014 |
|
| 300 |
_a9 مجلد (4518 صفحة) ؛ _c24 سم |
||
| 336 |
_aنص _btxt _2rdacontent _3كتاب |
||
| 337 |
_aبدون وسيط _bn _2rdamedia |
||
| 338 |
_aمجلد _bnc _2rdacarrier |
||
| 600 | 0 | 7 |
_aمحمد (صلى الله عليه وسلم)، _d53 قبل الهجرة-11 هجري. _2aucnm |
| 650 | 7 |
_aالسيرة النبوية _2aucsh |
|
| 700 | 1 |
_aطالب، نور الدين _eمحقق. |
|
| 700 | 1 | 2 |
_iتعليق على (عمل) : _aابن سيد الناس اليعمري، محمد بن محمد بن محمد، _d671-734 هجري. _tعيون الأثر في فنون المغازي والشمائل والسير. |
| 700 | 1 | 2 |
_iتحقيق لـ (عمل) : _aسبط ابن العجمي، إبراهيم بن محمد بن خليل، _d753-841 هجري. _tنور النبراس على سيرة ابن سيد الناس. |
| 942 |
_2ddc _cBOOK _n0 |
||
| 949 |
_aSA-JeALM _d240906 _umohamedma123 _n1 |
||
| 999 |
_c70 _d70 |
||